<?xml version="1.0" encoding="UTF-8"?>
<collection xmlns="http://www.loc.gov/MARC21/slim">
 <record>
  <leader>02411nab a2200301 i 4500</leader>
  <controlfield tag="001">publ12056</controlfield>
  <controlfield tag="005">20200309140128.0</controlfield>
  <controlfield tag="008">171007s2012    hu      o     0||   zxx d</controlfield>
  <datafield tag="022" ind1=" " ind2=" ">
   <subfield code="a">0167-8140</subfield>
  </datafield>
  <datafield tag="024" ind1="7" ind2=" ">
   <subfield code="a">10.1016/j.radonc.2011.07.003</subfield>
   <subfield code="2">doi</subfield>
  </datafield>
  <datafield tag="024" ind1="7" ind2=" ">
   <subfield code="a">1865834</subfield>
   <subfield code="2">mtmt</subfield>
  </datafield>
  <datafield tag="040" ind1=" " ind2=" ">
   <subfield code="a">SZTE Publicatio Repozitórium</subfield>
   <subfield code="b">hun</subfield>
  </datafield>
  <datafield tag="041" ind1=" " ind2=" ">
   <subfield code="a">zxx</subfield>
  </datafield>
  <datafield tag="100" ind1="1" ind2=" ">
   <subfield code="a">Hideghéty Katalin</subfield>
  </datafield>
  <datafield tag="245" ind1="1" ind2="2">
   <subfield code="a">A prospective study of supine versus prone positioning and whole-body thermoplastic mask fixation for craniospinal radiotherapy in adult patients</subfield>
   <subfield code="h">[elektronikus dokumentum] /</subfield>
   <subfield code="c"> Hideghéty Katalin</subfield>
  </datafield>
  <datafield tag="260" ind1=" " ind2=" ">
   <subfield code="c">2012</subfield>
  </datafield>
  <datafield tag="300" ind1=" " ind2=" ">
   <subfield code="a">214-218</subfield>
  </datafield>
  <datafield tag="490" ind1="0" ind2=" ">
   <subfield code="a">RADIOTHERAPY AND ONCOLOGY</subfield>
   <subfield code="v">102 No. 2</subfield>
  </datafield>
  <datafield tag="520" ind1="3" ind2=" ">
   <subfield code="a">PURPOSE: To evaluate neuroaxis irradiation for adults in the supine position using head body thermoplastic mask fixation, from the aspects of dose distribution, patient comfort and set-up accuracy. METHODS AND MATERIALS: Nine of the 12 adult patients were positioned for craniospinal axis irradiation in both prone and supine positions. After mask fixation and planning CTs in both positions, a questionnaire relating to the comfort was completed. The doses to the target and to the organs at risk of the 3D conformal plans in the supine and prone positions were compared. Portal images of all 12 patients irradiated in the supine position were evaluated, the van Herk formulas being used to calculate the systemic and random errors. RESULTS: No significant difference was found between the prone and supine positions target coverage, the dose homogeneity and the dose to the organs at risk. The supine position was considered more comfortable by the patients (scores of 2.8 versus 4.29), with a vector random error of 3.27mm, and a systematic error of 0.32mm. The largest random set-up error was observed in the lateral direction: 4.83mm. CONCLUSIONS: The more comfortable supine position is recommended for craniospinal irradiation in adult patients. Whole-body thermoplastic mask immobilization provides excellent repositioning accuracy.</subfield>
  </datafield>
  <datafield tag="700" ind1="0" ind2="1">
   <subfield code="a">Cserháti Adrienn</subfield>
   <subfield code="e">aut</subfield>
  </datafield>
  <datafield tag="700" ind1="0" ind2="1">
   <subfield code="a">Nagy Zoltán</subfield>
   <subfield code="e">aut</subfield>
  </datafield>
  <datafield tag="700" ind1="0" ind2="1">
   <subfield code="a">Varga Zoltán</subfield>
   <subfield code="e">aut</subfield>
  </datafield>
  <datafield tag="700" ind1="0" ind2="1">
   <subfield code="a">Fodor Emese</subfield>
   <subfield code="e">aut</subfield>
  </datafield>
  <datafield tag="700" ind1="0" ind2="1">
   <subfield code="a">Vincze Virág</subfield>
   <subfield code="e">aut</subfield>
  </datafield>
  <datafield tag="700" ind1="0" ind2="1">
   <subfield code="a">Szántó Erika</subfield>
   <subfield code="e">aut</subfield>
  </datafield>
  <datafield tag="700" ind1="0" ind2="1">
   <subfield code="a">Maráz Anikó</subfield>
   <subfield code="e">aut</subfield>
  </datafield>
  <datafield tag="700" ind1="0" ind2="1">
   <subfield code="a">Thurzó László</subfield>
   <subfield code="e">aut</subfield>
  </datafield>
  <datafield tag="856" ind1="4" ind2="0">
   <subfield code="u">http://publicatio.bibl.u-szeged.hu/12056/1/1_s2.0_S0167814011003781_main_u.pdf</subfield>
   <subfield code="z">Dokumentum-elérés </subfield>
  </datafield>
 </record>
</collection>
